000 00986cam a22003013a 4500
001 26170
003 PGUSA
005 20140828083549.0
008 080802s2008||||xxu|||||s|||||000 | eng d
040 _aPGUSA
_beng
042 _adc
050 4 _aDS
100 1 _aMontefiore, Moses,
_cSir,
_d1784-1885
245 1 0 _aDiaries of Sir Moses and Lady Montefiore, Volume I :
_bComprising Their Life and Work as Recorded in Their Diaries From 1812 to 1883
_h[electronic resource] /
_cMoses, Montefiore
260 _bProject Gutenberg,
_c2008
506 _aPublic domain in the USA.
516 _aElectronic text
653 _aJews -- Biography
653 _aMontefiore, Moses, Sir, 1784-1885
653 _aMontefiore, Judith Cohen, Lady, d. 1862
653 _aJews -- Europe
653 _aDiaries
653 _aPalestine -- History
700 1 _aLoewe, Louis,
_d1809-1888
830 0 _aProject Gutenberg
_v26170
856 4 0 _uhttp://www.gutenberg.org/ebooks/26170
942 _cEB
999 _c255425
_d255425